LEADER 01145nam a2200265 u 4500 001 000000012634 003 CaOOAMICUS 005 20070226105547.0 008 940517s1960 sz a u000 u ger u 035 $a10304435 040 $aPUL(R)$bita 100 1 $aOverhage, Paul.$0(OLS)http://pul/name/12006 245 10$aUm das Erscheinungsbild der ersten Menschen /$cPaul Overhage ; mit einer Einführung von Karl Rahner. 260 $aBasel :$bHerder,$c1960. 300 $a106 p., 2 p. di tav :$bill. ;$c23 cm 490 1 $aQuaestiones disputatae ;$v7 650 4$aUomo$xOrigine.$0(OLS)http://pul/subject/9379 700 1 $aRahner, Karl,$cS.I.,$d1904-1984.$0(OLS)http://pul/name/3587 830 0$aQuaestiones disputatae (Herder) ;$v7.$0(OLS)http://pul/title/18243 850 $aPUL 852 $aPUL$W1$xSL Religione 2$y84$mTheol A6 7$j17843$nBK-PRI$b $qStampati altre collocazioni$B17843$CPULBib$Z2$F17843 $H $81 941 1 $a10 961 $aINV: 29515 996 $6245$aUm das Erscheinungsbild der ersten Menschen$9(OLS)http://pul/title/18273 996 $6260$aBasel :$bHerder$9(OLS)http://pul/publisher/53702 LEADER 01362nam a2200313 a 4500 001 000000138018 003 CaOOAMICUS 005 20140407143056.0 008 140407s2013 it af u000 u ita r 020 $a978-88-15-24721-6 040 $aPUL$bita 082 04$a940.19 100 1 $aPellegrini, Marco.$0(OLS)http://pul/name/76763 245 13$aLe crociate dopo le crociate :$bda Nicopoli a Belgrado (1396-1456) /$cMarco Pellegrini. 260 $aBologna :$bIl Mulino,$c©2013. 300 $a384 p., [6] c. di tav. :$bill. ;$c22 cm. 490 1 $aBiblioteca Storica 504 $aInclude riferimenti bibliografici ed indice. 650 4$aCrociate$xStoria.$0(OLS)http://pul/subject/933 650 4$aCrociate$ySec. XIV-XV.$0(OLS)http://pul/subject/40437 830 0$aBiblioteca storica (Il Mulino).$0(OLS)http://pul/title/11345 850 $aPUL 852 $aPUL$W1$xSL Cons. Gen., Altre Classi 3$y75$m940. 19 PELMA 1$j159083$qDDC 21$B158633$CPULBib$Z2$F158633 $H123761 $82 941 1 $a9 996 $6020$a978-88-15-24721-6$9(OLS)http://pul/number/154996 996 $6082$a940.19$9(OLS)http://pul/classification/2623 996 $6245$aLe crociate dopo le crociate :$bda Nicopoli a Belgrado (1396-1456)$9(OLS)http://pul/title/174758 996 $6260$aBologna :$bIl Mulino$9(OLS)http://pul/publisher/47928